000 00322pam a2200133 a 4500
020 _c
041 _h
082 _a658.8
100 _aKOTLER (Philip)/ ARMSTRONG (G)
_eauthor
245 _aPrinciples of Marketing
_hTextual Document
250 _a9th
260 _bPrentice Hall of India New Delhi
_c2002
930 _a8334
999 _c837739
_d837739